| 000 | 01015nam a2200193 i 4500 | ||
|---|---|---|---|
| 001 | 51940 | ||
| 003 | ES-MaACL | ||
| 005 | 20230906162457.0 | ||
| 007 | t| | ||
| 008 | 030821s1891 fr ||||1| fre d | ||
| 100 | 1 |
_aDaubrée, Auguste. _942793 |
|
| 245 | 1 | 0 |
_aExpériences sur les actions mécaniques exercées sur les roches par des gaz à hautes températures, doués de très fortes pressions et animés de mouvementstrès rapides / _cpar M. Daubrée. |
| 260 |
_aParis : _b[s.n.], _c1891 ( _fGauthier-Villars et fils) |
||
| 300 |
_a25 p. ; _c27 cm. |
||
| 594 | _aAutor y título tomado de principio del texto. | ||
| 594 | _aPrecede al tít.: Institut de France. Académie des Sciences. Extrait des Comptes rendus des séances de l'Academie des Sciences, tome CXI, séance des 24 novembre et 8 décembre 1890 ; tome CXII, séance du 19 janvier 1891. | ||
| 596 | _aDatos de edición de final del texto. | ||
| 852 |
_aES-MaACL _jT-1088-F-13 _z.- Dedicatoria autógrafa del autor a Federico de Botella y de Hornos |
||
| 999 |
_c51940 _d51940 |
||